[Event "Zlota Wieze 50"]
[Site "Pultusk"]
[Date "2008.07.01"]
[Round "3.8"]
[White "Gawiec, Konrad"]
[Black "Wojna, Grzegorz"]
[Result "0-1"]
[WhiteElo "1857"]
[BlackElo "2062"]
[PlyCount "108"]
[EventDate "2008.06.30"]
[EventType "team"]
[EventRounds "9"]
[EventCountry "POL"]
[SourceTitle "EXT 2020"]
[Source "ChessBase"]
[SourceDate "2019.10.17"]
[SourceVersion "1"]
[SourceVersionDate "2019.10.17"]
[SourceQuality "1"]

1. e4 Nf6 2. Nc3 d5 3. exd5 Nxd5 4. Nf3 e6 5. d4 Be7 6. Bd3 0-0 7. 0-0 b6 8. Nxd5 exd5 9. Bf4 Nd7 10. Re1 Bf6 11. c3 Bb7 12. Re2 c5 13. Qd2 Re8 14. Rxe8+ Qxe8 15. Re1 Qd8 16. Bg3 Nf8 17. Qe2 cxd4 18. Nxd4 Nd7 19. Bb1 Nc5 20. f3 g6 21. Be5 Bxe5 22. Qxe5 Qd7 23. Bc2 Rc8 24. Kf2 Ba6 25. Qe7 Rc7 26. Qxd7 Nxd7 27. Bb3 Nc5 28. Bc2 Bd3 29. Re3 Bxc2 30. Nxc2 Na4 31. Nb4 Nxb2 32. Re8+ Kg7 33. Nxd5 Rd7 34. Ne3 Nd1+ 35. Nxd1 Rxd1 36. Re2 Rc1 37. Ke3 Rxc3+ 38. Kd4 Rc7 39. Kd3 Kf6 40. Kd4 h5 41. Kd5 g5 42. Rb2 Kf5 43. Re2 Rc5+ 44. Kd4 f6 45. Kd3 h4 46. Kd2 Rc4 47. Kd3 b5 48. Rb2 a6 49. g3 hxg3 50. hxg3 Ra4 51. Ke2 Ra3 52. g4+ Kf4 53. Rb4+ Kg3 54. Rb2 Kg2 0-1

[Event "Lodz Autumn"]
[Site "Lodz"]
[Date "2007.11.22"]
[Round "9"]
[White "Wojna, Grzegorz"]
[Black "Gradowski, Jacek"]
[Result "1/2-1/2"]
[WhiteElo "2034"]
[BlackElo "2130"]
[PlyCount "63"]
[EventDate "2007.10.19"]
[EventType "tourn"]
[EventRounds "9"]
[EventCountry "POL"]
[SourceTitle "EXT 2011"]
[Source "ChessBase"]
[SourceDate "2010.11.26"]
[SourceVersion "1"]
[SourceVersionDate "2010.11.26"]
[SourceQuality "1"]

1. e4 c5 2. Nf3 Nc6 3. d4 cxd4 4. Nxd4 Qc7 5. Nc3 e6 6. Be2 a6 7. 0-0 Nf6 8. Be3 Bb4 9. Na4 Be7 10. Nxc6 bxc6 11. Nb6 Rb8 12. Nxc8 Qxc8 13. Bd4 Qc7 14. e5 Nd5 15. c4 Nf4 16. g3 c5 17. Bc3 Nh3+ 18. Kg2 Ng5 19. Qd3 Qb7+ 20. Bf3 Nxf3 21. Qxf3 Qxf3+ 22. Kxf3 f6 23. exf6 Bxf6 24. Bxf6 gxf6 25. b3 Ke7 26. Rfd1 a5 27. Rd3 Rb7 28. Rad1 a4 29. Ke3 axb3 30. Rxb3 Rxb3+ 31. axb3 Rb8 32. Rd3 1/2-1/2

[Event "Lodz Autumn"]
[Site "Lodz"]
[Date "2007.10.27"]
[Round "4"]
[White "Sosnia, Pawel"]
[Black "Wojna, Grzegorz"]
[Result "1-0"]
[WhiteElo "2000"]
[BlackElo "2034"]
[PlyCount "95"]
[EventDate "2007.10.19"]
[EventType "tourn"]
[EventRounds "9"]
[EventCountry "POL"]
[SourceTitle "EXT 2011"]
[Source "ChessBase"]
[SourceDate "2010.11.26"]
[SourceVersion "1"]
[SourceVersionDate "2010.11.26"]
[SourceQuality "1"]

1. d4 Nf6 2. c4 e6 3. Nf3 g6 4. Nc3 c5 5. g3 cxd4 6. Nxd4 Bg7 7. Bg2 a6 8. 0-0 0-0 9. e4 d6 10. Be3 Qc7 11. Qe2 Nc6 12. Nxc6 bxc6 13. Rfc1 Bb7 14. Rab1 Nd7 15. b4 c5 16. b5 Rfb8 17. bxa6 Bxa6 18. Nb5 Bxb5 19. Rxb5 Rxb5 20. cxb5 Ra4 21. Rc4 Ra5 22. Rc2 Qb6 23. Bf1 d5 24. Bd2 Ra8 25. exd5 exd5 26. Bg2 Nf6 27. Bg5 Re8 28. Qd1 Qxb5 29. Bxf6 Bxf6 30. Bxd5 Bd4 31. Bc4 Qd7 32. Qf3 Re5 33. Re2 Rf5 34. Qe4 Qd6 35. Kg2 Qf6 36. f4 g5 37. fxg5 Qxg5 38. a4 Qf6 39. a5 Rf1 40. a6 Rg1+ 41. Kh3 Qf1+ 42. Kg4 h5+ 43. Kxh5 Qh3+ 44. Qh4 Qd7 45. Re7 Qd6 46. Qg5+ Bg7 47. Rxf7 Qd1+ 48. g4 1-0

[Event "Lodz Autumn"]
[Site "Lodz"]
[Date "2007.10.19"]
[Round "1"]
[White "Rawicz, Karol"]
[Black "Wojna, Grzegorz"]
[Result "0-1"]
[WhiteElo "2195"]
[BlackElo "2034"]
[PlyCount "124"]
[EventDate "2007.10.19"]
[EventType "tourn"]
[EventRounds "9"]
[EventCountry "POL"]
[SourceTitle "EXT 2011"]
[Source "ChessBase"]
[SourceDate "2010.11.26"]
[SourceVersion "1"]
[SourceVersionDate "2010.11.26"]
[SourceQuality "1"]

1. d4 Nf6 2. c4 e6 3. Nc3 c5 4. d5 exd5 5. cxd5 d6 6. e4 g6 7. Nge2 Bg7 8. Ng3 0-0 9. Be2 a6 10. a4 Nbd7 11. 0-0 Re8 12. Bg5 h6 13. Be3 h5 14. f3 b6 15. Qd2 Kh7 16. Rae1 Rb8 17. h3 Qc7 18. Bg5 c4 19. f4 b5 20. axb5 axb5 21. e5 b4 22. exf6 bxc3 23. Qxc3 Rb3 24. Qxc4 Qb6+ 25. Kh2 Nxf6 26. Bxf6 Bxf6 27. Bf3 Ba6 28. Qc6 Rxe1 29. Qxb6 Rxb6 30. Rxe1 Rxb2 31. Ne4 Be7 32. Rc1 Be2 33. Bxe2 Rxe2 34. Nc3 Rd2 35. Rd1 Rxd1 36. Nxd1 g5 37. Kg3 Kg6 38. Kf3 Bd8 39. Ne3 Bb6 40. f5+ Kf6 41. Nc4 Bc5 42. g4 hxg4+ 43. hxg4 Ke7 44. Nd2 f6 45. Ke2 Kd7 46. Kd3 Ba3 47. Kc4 Bb2 48. Kb5 Kc7 49. Nc4 Bc3 50. Na3 Be5 51. Ka6 Bf4 52. Nb5+ Kd7 53. Kb7 Bg3 54. Na7 Bh2 55. Nc6 Bg3 56. Nb8+ Kd8 57. Kc6 Ke7 58. Kc7 Bh2 59. Nc6+ Ke8 60. Na7 Ke7 61. Nc8+ Ke8 62. Nxd6+ Ke7 0-1

[Event "Lodz Spring"]
[Site "Lodz"]
[Date "2007.05.25"]
[Round "7"]
[White "Flis, Radoslaw"]
[Black "Wojna, Grzegorz"]
[Result "1/2-1/2"]
[WhiteElo "1917"]
[BlackElo "2069"]
[PlyCount "92"]
[EventDate "2007.05.19"]
[EventType "tourn"]
[EventRounds "9"]
[EventCountry "POL"]
[SourceTitle "EXT 2011"]
[Source "ChessBase"]
[SourceDate "2010.11.26"]
[SourceVersion "1"]
[SourceVersionDate "2010.11.26"]
[SourceQuality "1"]

1. e4 c5 2. Nf3 Nc6 3. d4 cxd4 4. Nxd4 Nf6 5. Nc3 e5 6. Ndb5 d6 7. Bg5 a6 8. Na3 b5 9. Nd5 Qa5+ 10. Bd2 Qd8 11. Bg5 Be7 12. Bxf6 Bxf6 13. c3 0-0 14. Nc2 Bg5 15. a4 bxa4 16. Rxa4 a5 17. Bc4 Be6 18. 0-0 Ne7 19. Qd3 Nxd5 20. Bxd5 Rb8 21. b4 axb4 22. Nxb4 Qd7 23. Ra6 Rfc8 24. Bxe6 Qxe6 25. Rxd6 Qc4 26. Rd1 Qxc3 27. Qxc3 Rxc3 28. Nc6 Re8 29. Nxe5 f6 30. Rd8 Rc8 31. Rxc8 Rxc8 32. Nd3 Rc2 33. f4 Bh6 34. h4 g6 35. Kh2 Re2 36. Re1 Bxf4+ 37. Kh3 Rxe1 38. Nxe1 Kf7 39. Kg4 Bd6 40. h5 Ke6 41. Nf3 Be5 42. Nh4 Kf7 43. hxg6+ hxg6 44. Nf3 Ke6 45. Ne1 Bc3 46. Nd3 f5+ 1/2-1/2

[Event "Lodz Spring"]
[Site "Lodz"]
[Date "2007.05.24"]
[Round "6"]
[White "Wojna, Grzegorz"]
[Black "Flis, Pawel"]
[Result "1-0"]
[WhiteElo "2069"]
[BlackElo "2041"]
[PlyCount "78"]
[EventDate "2007.05.19"]
[EventType "tourn"]
[EventRounds "9"]
[EventCountry "POL"]
[SourceTitle "EXT 2011"]
[Source "ChessBase"]
[SourceDate "2010.11.26"]
[SourceVersion "1"]
[SourceVersionDate "2010.11.26"]
[SourceQuality "1"]

1. e4 c5 2. g3 d5 3. exd5 Qxd5 4. f3 Bf5 5. Nc3 Qd7 6. Bg2 e5 7. Nge2 Nf6 8. 0-0 Nc6 9. d3 Be7 10. Bg5 0-0-0 11. a3 h6 12. Be3 g5 13. Ne4 Nd5 14. Bd2 Be6 15. N2c3 Nd4 16. Nxd5 Bxd5 17. b4 c4 18. Be3 Be6 19. Rb1 b6 20. a4 Nf5 21. Bf2 cxd3 22. cxd3 Qxd3 23. Qc1+ Kb8 24. a5 Nd4 25. Qb2 Qb5 26. axb6 Qxb6 27. Rfc1 Rc8 28. Nc5 Bxc5 29. bxc5 Qxb2 30. Rxb2+ Kc7 31. f4 Rb8 32. Rxb8 Rxb8 33. Bxd4 exd4 34. Ra1 d3 35. Rxa7+ Kc8 36. Ra1 Bg4 37. h3 Be2 38. Bf1 Rb2 39. Bxe2 Rxe2 1-0